000 00832cam a22002771 4500
001 12734
003 BD-RjUL
005 20211208235340.0
008 140129s1964 stka 001 0 eng d
035 _a(BD-RjUL)12784
035 _a(OCoLC)7981895
040 _aDLC
_cFTS
_dTQG
_dUk
_dDLC
_d(BD-RjUL)
_beng
041 _aeng
082 0 0 _220
_a547.30877
_bORG 1964
245 1 0 _aOrganic chemistry :
_cRev. and ed. by Neil Campbell.
_bSchmidt /
250 _a8th ed., rev. and enl.
260 _aEdinburgh :
_bOliver & Boyd ,
_c1964
300 _axi, 941 p. :
_billus. ;
_c25 cm.
504 _aIncludes Index
650 0 _aChemistry, Organic.
_939671
700 1 _aCampbell, Neil,
_d1903-1996,
_eed.
_929272
740 0 _aTextbook of organic chemistry.
942 _2ddc
_cBK
999 _c12734
_d12734